Score 0/26 Timer 07:00
0 Plays Today
Episode Titles Series % Correct
Fred and Ethel Fight; Ricky Loses His VoiceI Love Lucy
97.1%
Wally's Girl Trouble; The Paper RouteLeave It to Beaver
75.5%
Mayberry Goes Hollywood; Opie's CharityThe Andy Griffith Show
73.4%
Kramden vs Norton; Bus AccidentThe Honeymooners
70.2%
There's a Girl in My Bottle; Master MischiefI Dream of Jeannie
67.3%
Where No Man Has Gone Before; Space SeedStar Trek
64.9%
Back to Californy; The Great FeudThe Beverly Hillbillies
64.2%
Oliver Buys a Farm; Lisa Has a CalfGreen Acres
62.2%
How to Cook a German Goose by Radar; Psychic KommandantHogan's Heroes
61%
Mr. Big; KAOS in CONTROLGet Smart
58.7%
Bats of a Feather; Love Comes to Mockingbird HeightsThe Munsters
52.6%
Stable for Three; The HorsetronautMister Ed
51.9%
Thing is Missing; My Son, the ChimpThe Addams Family
50.5%
Episode Titles Series % Correct
Six Gun Legacy; The Masked RiderThe Lone Ranger
49.4%
Unidentified Flying Uncle Martin; Hitch-Hiker to MarsMy Favorite Martian
45.3%
Quick, Hide the Railroad; Hooterville vs HollywoodPetticoat Junction
44%
Water, Water Everywhere; Two on a Raft Gilligan's Island
42.4%
Hi Diddle Riddle/Smack in the Middle; The Purr-fect Crime/Better Luck Next TimeBatman
40.5%
Mother Meets What's His Name; It's MagicBewitched
40.1%
The Bear; The WellLassie
27.1%
The Monsters Are Due on Maple Street; And When the Sky Was OpenedThe Twilight Zone
26.8%
300 Feet Below; The Day of the SharkFlipper
13%
The Man Who Was Never Born; It Crawled Out of the WoodworkThe Outer Limits
11.8%
Cow Doctor; Reed SurvivesGunsmoke
5.4%
Traitor in Zebra; Death of a BatmanThe Avengers
1.8%
The Great Mojave Chase; The Return of Dr. ThackerayHave Gun - Will Travel
1.6%

You're not logged in!

Compare scores with friends on all Sporcle quizzes.
OR
Log In

Sporcle TV

Today on Sporcle TV


Watch our educational content, quiz creation guides, and fun videos on Sporcle TV.

Show Comments

Extras

Top Quizzes Today


Score Distribution

Paid Content

Your Account Isn't Verified!

In order to create a playlist on Sporcle, you need to verify the email address you used during registration. Go to your Sporcle Settings to finish the process.

Report this User

Report this user for behavior that violates our Community Guidelines.

Details: